Largest Municipalities in Pennsylvania by First Letter - Statistics

General Stats
  • This quiz has been taken 10 times
  • The average score is 16 of 25
Answer Stats
First Letter County Population Municipality % Correct
A Lehigh 124,315 Allentown
100%
E Erie 91,786 Erie
100%
H Dauphin 49,956 Harrisburg
100%
L Lancaster 56,622 Lancaster
100%
P Philadelphia 1,517,114 Philadelphia
100%
S Lackawanna 75,559 Scranton
100%
Y York 44,919 York
100%
B Lehigh 80,034 Bethlehem
89%
I Indiana 14,464 Indiana
89%
R Berks 94,853 Reading
89%
W Luzerne 44,254 Wilkes-Barre
89%
C Delaware 34,271 Chester
78%
J Cambria 17,668 Johnstown
78%
U Fayette 9,319 Uniontown
78%
N Chester 40,030 Norristown
67%
D Bucks 18,057 Doylestown
56%
Q Bucks 9,181 Quakertown
56%
O Venango 9,230 Oil City
33%
M Allegheny 16,747 McKeesport
22%
Z Butler 3,715 Zelienople
22%
F Allegheny 14,712 Franklin Park
11%
G Westmoreland 14,403 Greensburg
11%
K Luzerne 13,333 Kingston
11%
T Schuylkill 6,923 Tamaqua
11%
V Westmoreland 4,890 Vandergrift
11%
No matching quizzes found
Score Distribution
Percent of People with Each Score
Percentile by Number Answered
Your Score History
You have not taken this quiz